000
00286nam a22001217a 4500
020
_a
0-7214-2123-7
082
_a
823
_b
GIF/S
100
_a
GIFFORD, CLIVE
245
_a
SHERIFF SHOWOFF
260
_a
650
_a
ENGLISH SHORT STORY
942
_c
BK
999
_c
2462
_d
2462